000 00941nam a2200265 a 4500
001 57298
003 BD-RjUL
005 20211209080507.0
008 161208s1979 flua b 001 0 eng
020 _a0813006473
_a0813006317
035 _a(BD-RjUL)57422
040 _aDLC
_cDLC
_dBD-RjUL
_beng
041 _aeng
082 0 0 _a390
_223
_bKIC 1979
100 1 _aKimball, Solon T.
_9170144
245 1 4 _aThe craft of community study :
_bfieldwork dialogues /
_cSolon T. Kimball, William L. Partridge.
260 _aGainesville :
_bUniversity Presses of Florida,
_c1979.
300 _ax, 260 p. :
_bill. ;
_c24 cm.
490 1 _aUniversity of Florida monographs : Social sciences ;
_vno. 65
504 _aIncludes Bibliographical References and Index
650 _aEthnology
_9170145
_zColombia
700 1 _aPartridge, William L.,
_ejoint author.
_9170146
830 0 _aUniversity of Florida monographs.
_vno. 65.
_9170468
942 _2ddc
_cBK
999 _c57298
_d57298